Statistiques concernant Deuxiéme villes °3

Cliquez ici pour prendre le quiz!

Statistiques générales

  • Ce quiz a été pris 126 fois
  • Le résultat moyen est 7 sur 16

Statistiques - réponses

2éme villePays% Correct
Santiago de CubaCuba
94%
AlexandrieEgypte
93%
CorkIrlande
87%
AstanaKazakhstan
80%
OranAlgerie
79%
MalaboGuinée Equatoriale
50%
DebrecenHongrie
47%
DurrësAlbanie
27%
BouakéCôte d'Ivoire
24%
KaohsiungTaiwan
22%
MwanzaTanzanie
14%
MoundouTchad
11%
San IgnacioBelize
10%
GyumriArmenie
8%
San FernandoTrinite-et-Tobago
4%
RiffaBahrein
2%

Distribution des résultats

Percentile par nombre de réponses

% des personnes avec chaque résultat

Votre développement - résultats

Vous n’avez pas pris ce quiz